000 00446nam a2200181Ia 4500
003 IT-RoPAU
008 120407s9999 xx 000 0 und d
040 _aIT-RoPAU
040 _cIT-RoPAU
041 _aita
100 _aGiovanni Testori
245 _a"12 Il Brianza e altri racconti. Feltrin. 13 Il ponte della Ghisolfa. Garzanti."
260 _aFeltrinelli - Garzanti
300 _c cm
490 _v1
942 _cBK
999 _c13966
_d13966